000 01190namaa22003131i 4500
003 EG-GICUC
005 20260101140823.0
008 260101s2000 le ||||jr|||| 000 0 ara d
040 _aEG-GiCUC
_bara
_cEG-GiCUC
_dEG-GiCUC
_erda
082 0 4 _221
_a811.008
_bM67836
092 0 4 _221
_a811.008
_bM67836
099 _a811.008 M67836d
100 1 _aمسكين الدارمى، ربيعة بن عامر،
_d707. أو8
_eمؤلف.
245 1 _aديوان شعر مسكين الدارمى /
_cتحقيق كارين صادر
250 _aالطبعة الاولى
264 _aبيروت (لبنان) :
_bدار صادر،
_c2000
300 _a؛ 110 صفحة
_c24 سم
336 _2rdacontent
_atext
337 _2rdamedia
_aUnmediated
338 _2rdacarrier
_avolume
504 _aيشتمل على ارجاعات ببليوجرافية
541 _aد. جابر عصفور ؛
_bالقاهرة ؛
_cإهداء ؛
_d2024.
600 _aمسكين الدارمى، ربيعة بن عامر،
650 1 7 _aالشعر العربى
_x دواوين وقصائد
_2qrmak
651 1 _2qrmak
700 1 _aصادر، كارين
_eمحقق.
905 _aHuda
942 _2ddc
_cBK
_e21
_n0
999 _c177286
_d177286